000
00304nam a2200109Ia 4500
008
220204s9999 xx 000 0 und d
082
_a
630*1
_b
CHA
100
_a
Chaudhuri, A B
245
0
_a
Tree and the environment : An Indian scenario
260
_a
New Delhi
_b
Ashish Publishing House
_c
1993
942
_c
BK
999
_c
41188
_d
41188